Mensaka / (Record no. 190441)

MARC details
000 -LEADER
campo de control de longitud fija 00806nam a2200253 c 4500
001 - NÚMERO DE CONTROL
campo de control 190441
003 - IDENTIFICADOR DE NÚMERO DE CONTROL
campo de control ES-MaACL
005 - FECHA Y HORA DE LA ÚLTIMA TRANSACCIÓN
campo de control 20250907063139.0
008 - DATOS DE LONGITUD FIJA--INFORMACIÓN GENERAL
campo de control de longitud fija 210330s2016 sp | |||| 000 f spa
020 ## - NÚMERO INTERNACIONAL ESTÁNDAR DEL LIBRO
Número Internacional Estándar del Libro 978-84-16541-51-5
080 ## - NÚMERO DE LA CLASIFICACIÓN DECIMAL UNIVERSAL
Número de la Clasificación Decimal Universal 821.134.2-31"19"
100 1# - ENTRADA PRINCIPAL--NOMBRE DE PERSONA
Nombre de persona Mañas, José Ángel,
Fechas asociadas al nombre 1971-
9 (RLIN) 171143
245 10 - MENCIÓN DEL TÍTULO
Título Mensaka /
Mención de responsabilidad, etc. José Ángel Mañas.
250 ## - MENCION DE EDICION
Mención de edición 1ª ed.
260 ## - PUBLICACIÓN, DISTRIBUCIÓN, ETC.
Lugar de publicación, distribución, etc. Barcelona :
Nombre del editor, distribuidor, etc. Stella Maris,
Fecha de publicación, distribución, etc. 2016.
300 ## - DESCRIPCIÓN FÍSICA
Extensión 141 p. ;
Dimensiones 22 cm.
490 1# - MENCIÓN DE SERIE
Mención de serie Stella selección ;
Designación de volumen o secuencia 9
830 1# - PUNTO DE ACCESO ADICIONAL DE SERIE-TÍTULO UNIFORME
Título uniforme Stella selección ;
Designación de volumen o secuencia 9
9 (RLIN) 225883
852 4# - LOCALIZACIÓN
Ubicación ES-MaACL
Número de control de estantería A-14642
itemnumber 197618
Sublocalización o colección R.152248
Ubicación en estantería Depósito 1
Signatura antigua Olim: N-7642
Donativo/Legado Donación: José Lázaro
903 ## - NOMBRE PERSONAL DE DONANTE
9 234219
a Lázaro García, José
e Donante
942 ## - ELEMENTOS DE ENTRADA SECUNDARIOS (KOHA)
Fuente del sistema de clasificación o colocación Clasificación decimal universal
Tipo de ítem Koha Libro impreso
Holdings
Estatus retirado Estado de pérdida Fuente del sistema de clasificación o colocación Estado de daño No para préstamo Biblioteca de origen Biblioteca actual Ubicación en estantería Fecha de adquisición Fuente de adquisición Total de préstamos Signatura topográfica completa Código de barras Visto por última vez Precio de reemplazo Tipo de ítem Koha
    Clasificación decimal universal     Biblioteca del Ateneo de Madrid Biblioteca del Ateneo de Madrid Depósito 1 30/03/2021 Donación   A-14642 1202464 23/02/2023 23/02/2023 Libro impreso